000 00496nam a2200133Ia 4500
008 220620s9999||||xx |||||||||||||| ||und||
022 _a18681603
100 _aKlotz, Dino
245 0 _aCharacterization and Modeling of Electrochemical Energy Conversion Systems by Impedance Techniques
546 _aEnglish[eng]
650 _aLithium-Ion Battery (LIB)||Solid Oxide Fuel Cell (SOFC)||Electrochemical Impedance Spectroscopy (EIS)
856 _uhttps://www.ksp.kit.edu/9783866449039
942 _cEB
999 _c32529
_d32529